00537nam a22001577a 450000500170000000800410001702000150005804100130007308200150008610000420010124500910014325000190023426000560025330000450030965000250035420231101070042.0231101b |||||||| |||| 00| 0 eng d a0409041068 aEnglish  a346.7 MAL  aMalan, FR and Pretorius JT lEnglish  aMalan on Bills of Exchange, Cheques and Promissory Notes /cFR Malan and JT Pretorius  aThird Edition  aDurban : bButterworth Publishers (Pty) Ltd, c1997 bxiii, 573 pages ; c25 cm. e3 Editions  alegal practice bLaw